01389nam a2200241Ia 4500001000900000003001000009008004100019040002500060041001300085100004500098245003200143250001100175260005900186300001200245500026400257501011400521520026400635650003700899942000700936957000600943999004000949952015800989L100-566IT-CnALBA170116s9999||||xx |||||||||||||| ||und|| aIT-CnALBAcIT-CnALBA aITALIANO aBOZZETTI GIUSEPPE, SUP. GEN. ROSMINIANI. 0aCHE COSA È LA FILOSOFIA?  a1a ed. a ROMA. VERONAbSTUDIUM EDITRICE c1952 [1° Ed.: n.d.] a123 p.  aFILOSOFIA. PITAGORA. RIFLESSIONE. ATTITUDINE CRITICA. ASSENSO TRA I FILOSOFI. FILOSOFIA E FATTI. FILOSOFIA E RELIGIONE. ESPERIENZA. SENSO MORALE. LIBERTÀ. ELLENISMO E CRISTIANESIMO. UNITÀ DEL SAPERE. FILOSOFIA E VITA. FILOSOFIA E SCUOLA. FILOSOFIA E POESI aSocietà San Paolo EM - Piazza San Paolo, 14 - 12051 ALBA (CN) (non commercial uses only) ® Copyright 2017 aFILOSOFIA. PITAGORA. RIFLESSIONE. ATTITUDINE CRITICA. ASSENSO TRA I FILOSOFI. FILOSOFIA E FATTI. FILOSOFIA E RELIGIONE. ESPERIENZA. SENSO MORALE. LIBERTÀ. ELLENISMO E CRISTIANESIMO. UNITÀ DEL SAPERE. FILOSOFIA E VITA. FILOSOFIA E SCUOLA. FILOSOFIA E POESI aFILOSOFIA E DISCIPLINE COLLEGATE cBK 71 a665bNOg Copie: 1 c259802d259802 0010406L_10056671aALBAbALBAd2017-01-16l0oL100-566r2017-01-16 00:00:00w2017-01-16yBKz(data import: 16 gennaio 2017) - By Epidotti, Vaglietti.